Urbanistické, architektonické a technické aspekty obnovy vidieka II : Urbanistické aspekty obnovy vidieka. Zborník referátov z medzinárodnej konferencie.

Saved in:
Bibliographic Details
Format: Book
Published: Bratislava : STU v Bratislave SvF, 2002
Subjects:
Tags: Add Tag
No Tags, Be the first to tag this record!

MARC

LEADER 00000nam a22000003a 4500
001 stu78930
005 20141121221735.6
008 030205s2002----------------------------d
020 |a 80-227-1808-4 
040 |a STU  |b slo 
041 0
245 |a Urbanistické, architektonické a technické aspekty obnovy vidieka II :  |b Urbanistické aspekty obnovy vidieka. Zborník referátov z medzinárodnej konferencie. 
260 |a Bratislava :  |b STU v Bratislave SvF,  |c 2002 
300 |a 37 s 
650 7 |a urbanizmus  |2 stusub 
650 7 |a ekológia krajiny  |2 stusub 
650 7 |a ekologická architektúra  |2 stusub 
650 7 |a urbanizmus sídiel  |2 stusub 
996 |b 284AB00593  |c A*1086 B  |l AAKNST  |s P  |a 0  |w stu78930_0001 
996 |b 284AB00909  |c A*5898 B  |l AAKNAR  |s A  |a 24  |w stu78930_0002